福州地铁车站 Fuzhou Metro System - Statistics

General Stats
  • This quiz has been taken 84 times
  • The average score is 42 of 106
Answers on the Map
Answers color-coded by a green-red scale on the quiz's map according to % correct below.
 
Answer Stats
线路 车站 % Correct
1 | 2 南门兜
89%
1 福州火车站
80%
1 | 4 东街口
77%
1 | 5 福州火车南站
69%
1 三江口
69%
2 | 5 金山
69%
1 象峰
66%
1 达道
64%
4 | 5 帝封江
62%
2 苏洋
61%
2 福州大学
61%
2 洋里
61%
1 屏山
59%
1 茶亭
59%
1 白湖亭
59%
2 鼓山
59%
1 斗门
57%
1 上藤
57%
1 树兜
56%
2 董屿·福建师大
56%
1 葫芦阵
52%
1 | 4 城门
52%
1 | 6 梁厝
52%
1 三叉街
51%
1 胪雷
51%
1 罗汉山
48%
1 黄山
48%
1 | 6 下洋
46%
2 | 4 前屿
46%
2 金祥
43%
2 祥坂
43%
2 水部
43%
4 凤凰池
43%
2 宁化
41%
4 会展中心
41%
5 浦上大道
41%
4 东门
39%
4 竹屿
39%
4 后屿
39%
1 秀山
38%
1 三角埕
38%
2 上街
38%
2 桔园洲
38%
2 西洋
38%
5 螺洲古镇
38%
2 紫阳
36%
4 西门
36%
4 横屿
36%
6 郑和
36%
2 厚庭
34%
4(暂缓) | 5 洪塘
34%
5 义序
34%
2 上洋
33%
4(暂缓) 金牛山
33%
4 螺洲温泉
33%
6 万寿
33%
1 排下
31%
1 安平
31%
4 省立医院
31%
5 农林大学
31%
4 花海公园
30%
6 营前
30%
4 三角池
28%
4 鳌峰洲
28%
5 荆溪厚屿
28%
5 霞镜
28%
5 凤岗里
26%
6(暂缓) 莲花
26%
2 五里亭
25%
4 陆庄
25%
4 光明港
25%
2 沙堤
23%
2 金屿
23%
4 | 6 林浦
23%
5 马榕
23%
6 潘墩
23%
6 航城
23%
2 洪湾
21%
5 吴山
21%
6 吴航
20%
4(暂缓) 半洲
18%
5 东岭
18%
5 盘屿
18%
5 盖山竹榄
18%
6 十洋
18%
5 龙江
16%
6 樟岚
16%
6(暂缓) 壶井
16%
4(暂缓) 建新
15%
5 阵坂
13%
5 台屿
13%
6 沙京
13%
5 前锦
10%
6 鹤上
10%
6 下吴
5%
No matching quizzes found
Score Distribution
Percent of People with Each Score
Percentile by Number Answered
Your Score History
You have not taken this quiz